Profesionálna predmediálna zóna

Nezávislosť mediálneho prostredia a  tvorby osobitného obsahu je fikciou. Dnešný hypermarket informácií ponúka médiám rôzneho typu možnosť získavať pripravené informácie bez väčšej námahy, pričom samotní novinári si často nedávajú námahu overovať informácie, ktoré dostali z profesionálne fungujúcich...

Descripción completa

Guardado en:
Detalles Bibliográficos
Autor principal: Kasarda, Martin
Formato: Capítulo de libro
Lenguaje:eslovaco
Materias:
Etiquetas: Agregar Etiqueta
Sin Etiquetas, Sea el primero en etiquetar este registro!

MARC

LEADER 00000nla a2200000 4500
001 0240889
005 20240417075132.4
041 0 |a slo 
044 |a SK 
245 1 0 |a Profesionálna predmediálna zóna  |c Martin Kasarda 
520 |a Nezávislosť mediálneho prostredia a  tvorby osobitného obsahu je fikciou. Dnešný hypermarket informácií ponúka médiám rôzneho typu možnosť získavať pripravené informácie bez väčšej námahy, pričom samotní novinári si často nedávajú námahu overovať informácie, ktoré dostali z profesionálne fungujúcich komunikačných oddelení či agentúr. Zmenil sa komunikačný model, keď sa vytvorila celá profesionálna zóna tvorcov informácií pre médiá. 
610 2 0 |a médiá 
610 2 0 |a prostriedky masovokomunikačné 
610 2 0 |a komunikácia masmediálna 
610 2 0 |a komunikácia masová 
610 2 0 |a novinárstvo 
610 2 0 |a noviny 
100 1 |a Kasarda, Martin